[Event "Pavlodar op"]
[Site "Pavlodar"]
[Date "2010.12.08"]
[Round "9"]
[White "Madi, Aslan"]
[Black "Ulkhanov, Azamat"]
[Result "1-0"]
[WhiteElo "2041"]
[BlackElo "2232"]
[PlyCount "41"]
[EventDate "2010.11.30"]
[EventType "swiss"]
[EventRounds "10"]
[EventCountry "KAZ"]
[SourceTitle "EXT 2012"]
[Source "ChessBase"]
[SourceDate "2011.11.24"]
[SourceVersion "1"]
[SourceVersionDate "2011.11.24"]
[SourceQuality "1"]

1. e4 e5 2. Nf3 Nc6 3. Bb5 a6 4. Ba4 Nf6 5. 0-0 b5 6. Bb3 Be7 7. Re1 0-0 8. c3 d5 9. exd5 Nxd5 10. Nxe5 Nxe5 11. Rxe5 c6 12. d4 Bd6 13. Re1 Qh4 14. g3 Qh3 15. Qf3 Bg4 16. Qg2 Qh5 17. Be3 Rae8 18. Nd2 Re6 19. Bd1 Bxd1 20. Raxd1 Rfe8 21. Nf1 1-0

[Event "Pavlodar op"]
[Site "Pavlodar"]
[Date "2010.12.06"]
[Round "7"]
[White "Gurkin, Anton"]
[Black "Madi, Aslan"]
[Result "0-1"]
[WhiteElo "2176"]
[BlackElo "2041"]
[PlyCount "101"]
[EventDate "2010.11.30"]
[EventType "swiss"]
[EventRounds "10"]
[EventCountry "KAZ"]
[SourceTitle "EXT 2012"]
[Source "ChessBase"]
[SourceDate "2011.11.24"]
[SourceVersion "1"]
[SourceVersionDate "2011.11.24"]
[SourceQuality "1"]

1. e4 e6 2. d4 d5 3. e5 c5 4. c3 Nc6 5. Nf3 Bd7 6. Bd3 cxd4 7. cxd4 Qb6 8. Nc3 Nxd4 9. Nxd4 Qxd4 10. 0-0 a6 11. Qf3 Ne7 12. Rd1 Qb6 13. Be3 Qc7 14. Rac1 Qxe5 15. Bd4 Qxd4 16. Bb5 Qxd1+ 17. Rxd1 axb5 18. Qd3 Rc8 19. Nxb5 Nf5 20. g4 Nd6 21. Nc3 Bc6 22. Qd4 h5 23. g5 Nf5 24. Qb6 Nd6 25. Re1 h4 26. b4 Rh5 27. f4 Nc4 28. Qd4 Bxb4 29. Qxg7 Bc5+ 30. Kf1 Ne3+ 31. Ke2 Rd8 32. g6 Rf5 33. Qh8+ Ke7 34. Qxd8+ Kxd8 35. g7 d4 36. g8Q+ Ke7 37. Rd1 Nxd1 38. Nxd1 Bd6 39. Nb2 Bxf4 40. Qh8 Bb5+ 41. Kd1 Rc5 42. Ke1 Be3 43. Qa8 Rc1+ 44. Nd1 Ba6 45. Qh8 d3 46. Qxh4+ f6 47. Qb4+ Kf7 48. Kf1 Rxd1+ 49. Kg2 Rg1+ 50. Kh3 d2 51. Qd6 0-1